00758nam a2200217 i 4500001001000000003000900010005001700019007000300036008004100039040003000080082001700110100002400127245010800151264006100259300002800320336002700348337003300375338002800408534006100436700004300497000032652DO-SdBNP20241121130023.0ta110725s1966 sp 000 0 spa d aDO-SdBNPbspacBNPHUerda axxxbK962221 aKurzman, Daneautor10aSanto Domingo :bla revuelta de los condenados /cDan Kurzman ; traducción Amparo García de Burgos. aBarcelona, España :bEdiciones Martínez Roca,c1966. a323 páginas ;c21 cm. ardacontentbtexto2txt ardamediabsin mediación2n ardacarrierbvolumen2nc pTítulo original :tSanto Domingo: Revolt of the damned1 aGarcía de Burgos, Amparo,etraductor